000 00703nam a2200265Ia 4500
001 44217
005 20240114003620.0
007 ta
008 090224s g b000 u 491 u
040 _aCotton College,Assam
041 _a491
082 _a491
_bB 469 P
100 _aBhattachryya, Pitambarsidhantabagish.
245 0 _aPret Koumudi /
_cPitambarsidhantabagish Bhattachryya.
_hTextual Documents
250 _a1st ed. /
260 _bNo Publisher ,
_cND.
300 _a283p. ;
_c20 cm.
653 _aSanskrit-Literature
653 _aT/G- Sanskrit Literature
653 _aG-Sanskrit
942 _2ddc
_cBK
999 _c44183
_d44183